Toivo Vilho Lehtisalo

Elmentve itt :
Bibliográfiai részletek
Szerző: Itkonen Erkki
További közreműködők: Lehtisalo Toivo Vilho
Dokumentumtípus: Cikk
Megjelent: 1964
Sorozat:Esitelmät ja Pöytäkirjat
Kulcsszavak:Finnugor nyelvek, Nyelvtudomány - finn - 20. sz. - életrajz
Tárgyszavak:
Online Access:http://misc.bibl.u-szeged.hu/60908
LEADER 00790nab a2200241 i 4500
001 misc60908
005 20241010124608.0
008 220425s1964 hu o 000 fin d
040 |a SZTE Miscellanea Repozitórium  |b hun 
041 |a fin 
100 1 |a Itkonen Erkki 
245 1 0 |a Toivo Vilho Lehtisalo  |h [elektronikus dokumentum] /  |c  Itkonen Erkki 
260 |c 1964 
300 |a 87-93  |c 25 cm 
300 |a 1 t.  |c 25 cm 
490 0 |a Esitelmät ja Pöytäkirjat 
561 |a Németh Gyula hagyaték 
591 |a NOV 2418 
650 4 |a Bölcsészettudományok 
650 4 |a Nyelvek és irodalom 
695 |a Finnugor nyelvek, Nyelvtudomány - finn - 20. sz. - életrajz 
700 0 1 |a Lehtisalo Toivo Vilho 
856 4 0 |u http://misc.bibl.u-szeged.hu/60908/1/2418_nov_i87.pdf  |z Dokumentum-elérés